[Event "Wiesbaden op 31st"]
[Site "Wiesbaden"]
[Date "2019.08.24"]
[Round "4"]
[White "Eg, Karlheinz"]
[Black "Sturm, Holger"]
[Result "1-0"]
[WhiteElo "1888"]
[BlackElo "1398"]
[PlyCount "95"]
[EventDate "2019.08.22"]
[EventType "swiss"]
[EventRounds "7"]
[EventCountry "GER"]
[SourceTitle "EXT 2020"]
[Source "ChessBase"]
[SourceDate "2019.10.17"]
[SourceVersion "1"]
[SourceVersionDate "2019.10.17"]
[SourceQuality "1"]

1. e4 c6 2. d4 d5 3. exd5 cxd5 4. c4 Nf6 5. Nc3 e6 6. Nf3 Bb4 7. Bd3 0-0 8. 0-0 Nc6 9. Bg5 Be7 10. Re1 Re8 11. Bxf6 Bxf6 12. cxd5 Nxd4 13. Nxd4 Bxd4 14. Bxh7+ Kxh7 15. Qxd4 b6 16. Qe4+ Kg8 17. dxe6 Bxe6 18. Rad1 Qf6 19. Qa4 Re7 20. Qa3 Rae8 21. Ne4 Qg6 22. Ng3 Qg5 23. h3 Rc7 24. Ne4 Qf4 25. Qd6 Qxd6 26. Rxd6 Rc2 27. Ng5 Rxb2 28. a4 Ra2 29. Re4 Ra1+ 30. Kh2 Ra2 31. f4 Rf2 32. Kg3 Rf1 33. Kh4 g6 34. g4 Kg7 35. Kg3 Ra1 36. f5 Ra3+ 37. Kf4 gxf5 38. gxf5 Bd7 39. Rxd7 Rxe4+ 40. Nxe4 Rxa4 41. f6+ Kg6 42. Rd8 b5 43. Rg8+ Kh7 44. Rg7+ Kh8 45. Kf5 b4 46. Nd6 Ra5+ 47. Kf4 b3 48. Nxf7# 1-0

[Event "Wiesbaden op 31st"]
[Site "Wiesbaden"]
[Date "2019.08.22"]
[Round "1"]
[White "Carow, Johannes"]
[Black "Eg, Karlheinz"]
[Result "1-0"]
[WhiteElo "2423"]
[BlackElo "1888"]
[PlyCount "77"]
[EventDate "2019.08.22"]
[EventType "swiss"]
[EventRounds "7"]
[EventCountry "GER"]
[SourceTitle "EXT 2020"]
[Source "ChessBase"]
[SourceDate "2019.10.17"]
[SourceVersion "1"]
[SourceVersionDate "2019.10.17"]
[SourceQuality "1"]

1. c4 Nf6 2. Nc3 e5 3. Nf3 Nc6 4. d4 exd4 5. Nxd4 Bc5 6. Nxc6 bxc6 7. g3 Ba6 8. Qa4 Bb7 9. Bg2 0-0 10. 0-0 Qe7 11. Qc2 Rad8 12. Na4 Bd6 13. Rd1 Qe6 14. b3 Rfe8 15. e3 Ng4 16. h3 Nf6 17. Bb2 Bf8 18. Nc3 Ba8 19. Rd3 d6 20. Rad1 Nd7 21. Ne2 Ne5 22. R3d2 Qh6 23. c5 d5 24. Bd4 Bb7 25. Qc3 Ng6 26. Qa5 Bc8 27. Kh2 Ne5 28. Bxe5 Rxe5 29. Qxc7 Rde8 30. Qxa7 g5 31. Rd4 Rf5 32. Kg1 Qf6 33. Rf1 Bg7 34. Rb4 Qh6 35. Nd4 Rf6 36. Rb8 Kf8 37. g4 Rg6 38. Rxc8 Rxc8 39. Nf5 1-0

[Event "Heusenstamm Sparkassen op-A 5th"]
[Site "Heusenstamm"]
[Date "2018.11.24"]
[Round "4"]
[White "Eg, Karlheinz"]
[Black "Berberich, Christoph"]
[Result "1/2-1/2"]
[WhiteElo "1872"]
[BlackElo "1997"]
[PlyCount "49"]
[EventDate "2018.11.22"]
[EventType "swiss"]
[EventRounds "7"]
[EventCountry "GER"]
[SourceTitle "CBM 188 Extra"]
[Source "ChessBase"]
[SourceDate "2019.02.26"]
[SourceVersion "1"]
[SourceVersionDate "2019.02.26"]
[SourceQuality "1"]

1. e4 c5 2. Nf3 Nc6 3. d4 cxd4 4. Nxd4 Nf6 5. Nc3 e5 6. Ndb5 d6 7. Bg5 a6 8. Bxf6 gxf6 9. Na3 b5 10. Nd5 f5 11. Bd3 Be6 12. c3 Bxd5 13. exd5 Ne7 14. Nxb5 Bg7 15. Na3 0-0 16. 0-0 Qa5 17. Nc4 Qc5 18. b4 Qc7 19. Be2 Rfd8 20. Qd2 e4 21. Rac1 Ng6 22. f4 Rdc8 23. g3 Ne7 24. Kg2 Rab8 25. Rfd1 1/2-1/2

[Event "Heusenstamm Sparkassen op-A 5th"]
[Site "Heusenstamm"]
[Date "2018.11.23"]
[Round "2"]
[White "Eg, Karlheinz"]
[Black "Martin, Reiner"]
[Result "1-0"]
[WhiteElo "1872"]
[BlackElo "2023"]
[PlyCount "75"]
[EventDate "2018.11.22"]
[EventType "swiss"]
[EventRounds "7"]
[EventCountry "GER"]
[SourceTitle "CBM 188 Extra"]
[Source "ChessBase"]
[SourceDate "2019.02.26"]
[SourceVersion "1"]
[SourceVersionDate "2019.02.26"]
[SourceQuality "1"]

1. e4 c5 2. Nf3 e6 3. d4 cxd4 4. Nxd4 a6 5. c4 Nf6 6. Nc3 Qc7 7. Be2 b6 8. 0-0 Bb7 9. Bf3 d6 10. Be3 Nbd7 11. Rc1 Be7 12. g3 Rc8 13. b3 0-0 14. Bg2 Qb8 15. Qe2 Qa8 16. f3 Rfe8 17. Qf2 Ne5 18. Rfd1 Nfd7 19. Bh3 Nc5 20. Qe2 Bd8 21. Bf2 Bc7 22. Be3 Rcd8 23. b4 Ncd7 24. f4 Ng6 25. f5 exf5 26. Nd5 Bb8 27. Bxf5 Nge5 28. Bg5 f6 29. Ne6 Rc8 30. Qh5 g6 31. Qh6 Rxe6 32. Bxe6+ Kh8 33. Nxf6 Nf3+ 34. Kf1 Nxg5 35. Bxd7 Rd8 36. Be8 Rxe8 37. Nxe8 Ne6 38. Nf6 1-0

[Event "Heusenstamm Sparkassen op-A 5th"]
[Site "Heusenstamm"]
[Date "2018.11.23"]
[Round "3"]
[White "Koellner, Aaron Noah"]
[Black "Eg, Karlheinz"]
[Result "1-0"]
[WhiteElo "2019"]
[BlackElo "1872"]
[PlyCount "57"]
[EventDate "2018.11.22"]
[EventType "swiss"]
[EventRounds "7"]
[EventCountry "GER"]
[SourceTitle "CBM 188 Extra"]
[Source "ChessBase"]
[SourceDate "2019.02.26"]
[SourceVersion "1"]
[SourceVersionDate "2019.02.26"]
[SourceQuality "1"]

1. d4 Nf6 2. Bg5 d5 3. e3 g6 4. Bxf6 exf6 5. g3 Be6 6. Bg2 Qd7 7. c4 c6 8. Nc3 dxc4 9. Nge2 Bh3 10. Bxh3 Qxh3 11. Nf4 Qd7 12. 0-0 Bd6 13. Ne4 Qe7 14. Qf3 Nd7 15. Rac1 0-0 16. Rxc4 Bc7 17. Nd3 f5 18. Nec5 Nb6 19. Rc2 Rab8 20. b4 Bd6 21. a4 Rfd8 22. Rb1 Nd5 23. b5 Bxc5 24. Rxc5 b6 25. Rxc6 Qa3 26. Qd1 f4 27. gxf4 Re8 28. Qb3 Qxb3 29. Rxb3 1-0

[Event "Wiesbaden op 29th"]
[Site "Wiesbaden"]
[Date "2017.08.26"]
[Round "5"]
[White "Eg, Karlheinz"]
[Black "Seickel, Ralf"]
[Result "0-1"]
[WhiteElo "1847"]
[BlackElo "2047"]
[PlyCount "46"]
[EventDate "2017.08.24"]
[EventType "swiss"]
[EventRounds "7"]
[EventCountry "GER"]
[SourceTitle "CBM 180 Extra"]
[Source "ChessBase"]
[SourceDate "2017.10.06"]
[SourceVersion "1"]
[SourceVersionDate "2017.10.06"]
[SourceQuality "1"]

1. e4 c5 2. Nf3 d6 3. d4 cxd4 4. Nxd4 Nf6 5. Nc3 a6 6. Bc4 e6 7. Bb3 b5 8. a3 Bb7 9. 0-0 Nc6 10. Re1 Be7 11. f4 0-0 12. Kh1 Qd7 13. Qd3 Rac8 14. Ba2 Na5 15. f5 e5 16. Ne6 Rfe8 17. Ng5 Nc4 18. b3 Na5 19. Bd2 h6 20. Nf3 Qc7 21. Rac1 d5 22. exd5 Bxa3 23. d6 Bxd6 0-1

[Event "Wiesbaden op 29th"]
[Site "Wiesbaden"]
[Date "2017.08.25"]
[Round "3"]
[White "Eg, Karlheinz"]
[Black "Kolker, Vladislav"]
[Result "1-0"]
[WhiteElo "1847"]
[BlackElo "2044"]
[PlyCount "53"]
[EventDate "2017.08.24"]
[EventType "swiss"]
[EventRounds "7"]
[EventCountry "GER"]
[SourceTitle "CBM 180 Extra"]
[Source "ChessBase"]
[SourceDate "2017.10.06"]
[SourceVersion "1"]
[SourceVersionDate "2017.10.06"]
[SourceQuality "1"]

1. e4 e5 2. Nf3 Nc6 3. Bb5 f5 4. d3 fxe4 5. dxe4 Nf6 6. 0-0 Bc5 7. Bg5 d6 8. h3 0-0 9. Bc4+ Kh8 10. Nc3 Qe8 11. Bxf6 gxf6 12. Nh4 Nd4 13. Nd5 b5 14. Nxc7 Qd7 15. Bd5 Rb8 16. c3 Qxc7 17. cxd4 Bxd4 18. Rb1 f5 19. Qh5 Rf6 20. Qe8+ Kg7 21. Rbc1 Qd7 22. Qg8+ Kh6 23. Nxf5+ Rxf5 24. exf5 Qxf5 25. Rc7 e4 26. g4 Qf3 27. Rxh7# 1-0

[Event "Hofheim Spring op-B 5th"]
[Site "Hofheim"]
[Date "2017.04.10"]
[Round "6"]
[White "John, Volkmar"]
[Black "Eg, Karlheinz"]
[Result "1-0"]
[WhiteElo "1759"]
[BlackElo "1825"]
[PlyCount "45"]
[EventDate "2017.04.07"]
[EventType "swiss"]
[EventRounds "9"]
[EventCountry "GER"]
[SourceTitle "CBM 178 Extra"]
[Source "ChessBase"]
[SourceDate "2017.06.22"]
[SourceVersion "1"]
[SourceVersionDate "2017.06.22"]
[SourceQuality "1"]

1. e4 e5 2. Nf3 Nc6 3. d4 exd4 4. Nxd4 Bc5 5. Nb3 Bb6 6. a4 Qf6 7. Qe2 a6 8. Nc3 Nd4 9. Nxd4 Bxd4 10. Nd5 Qd8 11. Qc4 c5 12. c3 b5 13. axb5 axb5 14. Rxa8 Bxf2+ 15. Kxf2 bxc4 16. Bxc4 Ne7 17. Bg5 f6 18. Be3 Nxd5 19. Bxd5 Qc7 20. Rha1 Ke7 21. R8a7 Qd6 22. R1a5 Kd8 23. Rxc5 1-0

[Event "Hofheim Spring op-B 5th"]
[Site "Hofheim"]
[Date "2017.04.08"]
[Round "2"]
[White "Metzing, Joachim"]
[Black "Eg, Karlheinz"]
[Result "1/2-1/2"]
[WhiteElo "1931"]
[BlackElo "1825"]
[PlyCount "65"]
[EventDate "2017.04.07"]
[EventType "swiss"]
[EventRounds "9"]
[EventCountry "GER"]
[SourceTitle "CBM 178 Extra"]
[Source "ChessBase"]
[SourceDate "2017.06.22"]
[SourceVersion "1"]
[SourceVersionDate "2017.06.22"]
[SourceQuality "1"]

1. c4 Nf6 2. Nc3 c5 3. g3 Nc6 4. Bg2 g6 5. e3 Bg7 6. Nge2 0-0 7. 0-0 Ne5 8. d3 d6 9. Rb1 Bf5 10. e4 Bg4 11. f3 Bd7 12. b3 Qc8 13. Bb2 Bh3 14. Nd5 Nxd5 15. cxd5 Bxg2 16. Kxg2 b6 17. d4 Nd7 18. dxc5 bxc5 19. Bxg7 Kxg7 20. Qd2 Qa6 21. f4 Nf6 22. Nc3 Qa5 23. Qd3 Qb4 24. Rfe1 Rad8 25. Re2 Rd7 26. Qc4 Qb7 27. b4 cxb4 28. Rxb4 Qa8 29. Reb2 Rc8 30. Qd3 Rdc7 31. R4b3 a5 32. Na4 Qa7 33. Rc3 1/2-1/2

[Event "Heusenstamm Sparkassen op-A 3rd"]
[Site "Heusenstamm"]
[Date "2016.11.27"]
[Round "7"]
[White "Eg, Karlheinz"]
[Black "Hinz, Andre"]
[Result "1-0"]
[WhiteElo "1820"]
[BlackElo "1693"]
[PlyCount "105"]
[EventDate "2016.11.24"]
[EventType "swiss"]
[EventRounds "7"]
[EventCountry "GER"]
[SourceTitle "EXT 2018"]
[Source "ChessBase"]
[SourceDate "2017.10.13"]
[SourceVersion "1"]
[SourceVersionDate "2017.10.13"]
[SourceQuality "1"]

1. e4 Nc6 2. d4 e5 3. Nf3 exd4 4. Bc4 Nf6 5. 0-0 Nxe4 6. Re1 d5 7. Bxd5 Qxd5 8. Nc3 Qd8 9. Nxe4 Be7 10. Bg5 Be6 11. Bxe7 Qxe7 12. Nxd4 Rd8 13. Nxc6 Rxd1 14. Nxe7 Rxa1 15. Rxa1 Kxe7 16. Re1 Rd8 17. Nc5 Rd2 18. Nxe6 fxe6 19. Rc1 e5 20. Kf1 Ke6 21. Ke1 Rd6 22. Rd1 Rxd1+ 23. Kxd1 Kf5 24. Ke2 g5 25. h3 h5 26. Ke3 e4 27. b4 Ke5 28. c4 c6 29. a4 b6 30. b5 c5 31. g3 Kf5 32. Ke2 h4 33. Ke3 hxg3 34. fxg3 Ke5 35. h4 gxh4 36. gxh4 Kf5 37. h5 Kg5 38. Kxe4 Kxh5 39. Kd5 Kg4 40. Kc6 Kf4 41. Kb7 Ke4 42. Kxa7 Kd4 43. Kxb6 Kxc4 44. a5 Kb4 45. a6 c4 46. a7 Kb3 47. a8Q Kb2 48. Qc8 c3 49. Ka7 c2 50. b6 Ka1 51. Qc3+ Kb1 52. Qxc2+ Kxc2 53. b7 1-0

[Event "Wiesbaden op 28th"]
[Site "Wiesbaden"]
[Date "2016.08.27"]
[Round "5"]
[White "Eg, Karlheinz"]
[Black "Modric, Vladimir"]
[Result "1/2-1/2"]
[WhiteElo "1817"]
[BlackElo "1986"]
[PlyCount "94"]
[EventDate "2016.08.25"]
[EventType "swiss"]
[EventRounds "7"]
[EventCountry "GER"]
[SourceTitle "CBM 174 Extra"]
[Source "ChessBase"]
[SourceDate "2016.10.10"]
[SourceVersion "1"]
[SourceVersionDate "2016.10.10"]
[SourceQuality "1"]

1. e4 c5 2. Nf3 g6 3. d4 cxd4 4. Nxd4 Bg7 5. c4 Nc6 6. Be3 Nh6 7. Be2 d6 8. h3 f5 9. Nxc6 bxc6 10. Qd2 Nf7 11. Nc3 0-0 12. 0-0 a5 13. Rad1 Rb8 14. c5 dxc5 15. Qc2 Qc7 16. f3 Bd4 17. Bf2 e5 18. Bc4 Kh8 19. Na4 Nd6 20. Bb3 fxe4 21. fxe4 Ba6 22. Nxc5 Bxf1 23. Rxd4 a4 24. Rxa4 Bb5 25. Qc3 Bxa4 26. Qxe5+ Qg7 27. Bd4 Ne8 28. Ne6 Qxe5 29. Bxe5+ Nf6 30. Bxa4 Rbe8 31. Bb3 Rf7 32. Ng5 Rff8 33. Bc3 h6 34. Ne6 Rf7 35. Nf4 Kg7 36. Ne6+ Kh8 37. Nc5 Rff8 38. Nd7 Kg7 39. a4 Rd8 40. Be6 Rde8 41. Bb3 Rd8 42. Nxf6 Rxf6 43. a5 Rd3 44. a6 Rxc3 45. bxc3 Rf8 46. e5 g5 47. Bc4 Kg6 1/2-1/2

[Event "Hofheim Spring op-B 4th"]
[Site "Hofheim"]
[Date "2016.04.01"]
[Round "7"]
[White "John, Volkmar"]
[Black "Eg, Karlheinz"]
[Result "0-1"]
[WhiteElo "1757"]
[BlackElo "1856"]
[PlyCount "56"]
[EventDate "2016.03.30"]
[EventType "swiss"]
[EventRounds "9"]
[EventCountry "GER"]
[SourceTitle "EXT 2018"]
[Source "ChessBase"]
[SourceDate "2017.10.13"]
[SourceVersion "1"]
[SourceVersionDate "2017.10.13"]
[SourceQuality "1"]

1. c4 e5 2. g3 Nf6 3. Nc3 Nc6 4. Bg2 Bb4 5. Nf3 0-0 6. 0-0 e4 7. Ng5 Bxc3 8. bxc3 Re8 9. Qc2 d5 10. cxd5 Qxd5 11. d3 Bf5 12. dxe4 Nxe4 13. Nxe4 Bxe4 14. Bxe4 Rxe4 15. f3 Qc5+ 16. Kg2 Rc4 17. Bb2 Nb4 18. Qd2 Nd5 19. Rfc1 Ne3+ 20. Kh1 Re8 21. Qd3 h5 22. a4 h4 23. g4 h3 24. Rg1 Qc6 25. Rg3 Nxg4 26. Qxc4 Nf2+ 27. Kg1 Qxc4 28. Kxf2 Rxe2+ 0-1

[Event "Heusenstamm Sparkassen op-A 2nd"]
[Site "Heusenstamm"]
[Date "2015.11.28"]
[Round "4"]
[White "Eg, Karlheinz"]
[Black "Schwarz, Matthias"]
[Result "1-0"]
[WhiteElo "1861"]
[BlackElo "1641"]
[PlyCount "25"]
[EventDate "2015.11.26"]
[EventType "swiss"]
[EventRounds "7"]
[EventCountry "GER"]
[SourceTitle "EXT 2018"]
[Source "ChessBase"]
[SourceDate "2017.10.13"]
[SourceVersion "1"]
[SourceVersionDate "2017.10.13"]
[SourceQuality "1"]

1. e4 e5 2. Nf3 Nc6 3. Bb5 Nge7 4. 0-0 a6 5. Ba4 g6 6. d4 b5 7. Bb3 exd4 8. Ng5 d5 9. exd5 Na5 10. Qxd4 Nxb3 11. Qxh8 Nxa1 12. Nxh7 Qxd5 13. Nf6+ 1-0

[Event "Heusenstamm Sparkassen op-A 2nd"]
[Site "Heusenstamm"]
[Date "2015.11.26"]
[Round "1"]
[White "Promyshlyanskiy, Vitaliy"]
[Black "Eg, Karlheinz"]
[Result "1-0"]
[WhiteElo "2245"]
[BlackElo "1861"]
[PlyCount "51"]
[EventDate "2015.11.26"]
[EventType "swiss"]
[EventRounds "7"]
[EventCountry "GER"]
[SourceTitle "EXT 2018"]
[Source "ChessBase"]
[SourceDate "2017.10.13"]
[SourceVersion "1"]
[SourceVersionDate "2017.10.13"]
[SourceQuality "1"]

1. e4 e5 2. Nf3 Nc6 3. Bb5 a6 4. Ba4 Nf6 5. Qe2 b5 6. Bb3 Be7 7. 0-0 d6 8. c3 Bg4 9. h3 Bh5 10. a4 Na5 11. Bc2 c6 12. b4 Nb7 13. Bb2 0-0 14. d3 Qc7 15. Nbd2 c5 16. Rfc1 Nd7 17. Nf1 cxb4 18. cxb4 Bg5 19. Ne3 Qd8 20. Bb3 Nb6 21. axb5 axb5 22. Rxa8 Nxa8 23. g4 Bg6 24. Bd5 Bxe3 25. Qxe3 Qe7 26. Qa7 1-0